000 00786nam a2200229 i 4500
001 157390
003 ES-MaACL
005 20250827065749.0
008 980109s1862 fr f |||| |dfre d
100 1 _aLebrun, Henri.
_9128810
245 1 0 _aVoyages et aventures du capitaine Cook /
_cpar Henri Lebrun.
250 _aNouvelle éd., rev.
260 _aTours :
_bAd Mame et Cie,
_c1862.
300 _a236 p., [2] h. de lám. ;
_c19 cm.
490 1 _aBibliothèque des Écoles Chretiennes
596 _aMarca tip. en port.
600 1 4 _aCook, James,
_d1728-1779
_9126569
650 0 4 _aViajes alrededor del mundo-
_yS.XVIII.
_9159809
830 0 _aBibliothèque des Écoles Chretiennes
_9221779
852 _aES-MaACL
_jC-3565
_z- Enc. pasta española
999 _c157390
_d157390